<?xml version="1.0" encoding="UTF-8"?>
<collection xmlns="http://www.loc.gov/MARC21/slim">
 <record>
  <leader>00799pamaa2200205   4500</leader>
  <controlfield tag="001">0000046593</controlfield>
  <controlfield tag="005">20121206090000.0</controlfield>
  <controlfield tag="008">100121                             eng  </controlfield>
  <datafield tag="020" ind1="0" ind2="0">
   <subfield code="a">9780321507808 (pbk.) </subfield>
  </datafield>
  <datafield tag="090" ind1="0" ind2="0">
   <subfield code="a">QC21.2 </subfield>
   <subfield code="b">KNI 2008</subfield>
  </datafield>
  <datafield tag="100" ind1="1" ind2="0">
   <subfield code="a">Knight </subfield>
  </datafield>
  <datafield tag="245" ind1="1" ind2="0">
   <subfield code="a">Physics for scientists and engineers : </subfield>
   <subfield code="b">a strategic approach with modern physics  </subfield>
   <subfield code="c">Randall D. Knight.</subfield>
  </datafield>
  <datafield tag="250" ind1="0" ind2="0">
   <subfield code="a">2nd ed.</subfield>
  </datafield>
  <datafield tag="260" ind1="0" ind2="0">
   <subfield code="a">San Francisco: </subfield>
   <subfield code="b">Pearson Addison Wesley, </subfield>
   <subfield code="c">2008.</subfield>
  </datafield>
  <datafield tag="300" ind1=" " ind2=" ">
   <subfield code="a">xxxi, 1365 [53] p.: </subfield>
   <subfield code="b">ill. (chiefly col.); </subfield>
   <subfield code="c">29 cm.</subfield>
  </datafield>
  <datafield tag="500" ind1="0" ind2="0">
   <subfield code="a">Accompany with workbook title &quot;Physics for scientists and engineers : a strategic approach with modern physics ; student workbook / Randall D. Knight&quot;</subfield>
  </datafield>
  <datafield tag="500" ind1="0" ind2="0">
   <subfield code="a">Includes index</subfield>
  </datafield>
  <datafield tag="501" ind1="0" ind2="0">
   <subfield code="a">AUP</subfield>
  </datafield>
  <datafield tag="650" ind1="0" ind2="0">
   <subfield code="a">Physics -- </subfield>
   <subfield code="x">Textbooks </subfield>
  </datafield>
  <datafield tag="901" ind1=" " ind2=" ">
   <subfield code="u">http://www.aw-bc.com</subfield>
  </datafield>
 </record>
</collection>
